Flamingo (Record no. 8204)

MARC details
000 -LEADER
fixed length control field 00437cam a2200193ua 4500
008 - FIXED-LENGTH DATA ELEMENTS--GENERAL INFORMATION
fixed length control field 160602n ii |||gr||||Z||||||eng
020 ## - INTERNATIONAL STANDARD BOOK NUMBER
International Standard Book Number 8174506500
040 ## - CATALOGING SOURCE
Transcribing agency MAIN
041 ## - LANGUAGE CODE
-- eng
082 ## - DEWEY DECIMAL CLASSIFICATION NUMBER
Classification number 821
100 ## - MAIN ENTRY--PERSONAL NAME
Personal name Uppal, Shveta.,
Relator term
245 ## - TITLE STATEMENT
Title Flamingo
Statement of responsibility, etc. Edited by Shveta Uppal
250 ## - EDITION STATEMENT
Edition statement 1st.
260 ## - PUBLICATION, DISTRIBUTION, ETC.
Place of publication, distribution, etc. Guwahati:
Name of publisher, distributor, etc. Students,
Date of publication, distribution, etc. 2007.
300 ## - PHYSICAL DESCRIPTION
Extent 106p.
942 ## - ADDED ENTRY ELEMENTS (KOHA)
Koha item type Books
653 ## - INDEX TERM--UNCONTROLLED
Uncontrolled term English poetry
Holdings
Withdrawn status Lost status Damaged status Not for loan Home library Current library Shelving location Date acquired Total Checkouts Full call number Barcode Date last seen Date last checked out Copy number Price effective from Koha item type Date due
        Central Library, Naharkatiya College Central Library, Naharkatiya College General Stacks 19/09/2020 1 821 | FLA 20129 21/06/2022 17/06/2022 3 19/09/2020 Books  
        Central Library, Naharkatiya College Central Library, Naharkatiya College General Stacks 19/09/2020 1 821 | FLA 20131 10/05/2023 10/05/2023 2 19/09/2020 Books  
        Central Library, Naharkatiya College Central Library, Naharkatiya College General Stacks 19/09/2020 1 821 | FLA 20132 29/05/2023 10/05/2023 1 19/09/2020 Books  
        Central Library, Naharkatiya College Central Library, Naharkatiya College General Stacks 19/09/2020 4 821 | FLA 22066 22/05/2025 21/05/2025 4 19/09/2020 Books  
        Central Library, Naharkatiya College Central Library, Naharkatiya College General Stacks 19/09/2020 2 821 | FLA 22067 12/05/2026 12/05/2026 7 19/09/2020 Books 30/05/2026
        Central Library, Naharkatiya College Central Library, Naharkatiya College General Stacks 19/09/2020 2 821 | FLA 22068 22/04/2026 11/04/2026 8 19/09/2020 Books  
        Central Library, Naharkatiya College Central Library, Naharkatiya College General Stacks 19/09/2020 6 821 | FLA 22069 29/05/2023 25/05/2023 5 19/09/2020 Books  
        Central Library, Naharkatiya College Central Library, Naharkatiya College General Stacks 19/09/2020 2 821 | FLA 22070 04/07/2022 18/06/2022 6 19/09/2020 Books  

Naharkatiya College © 2020. All rights reserved.

Powered By